00698nam a2200133Ia 4500001000700000008004100007100003100048245017800079260003200257300001000289502007500299650015900374700003100533Z_5598220601s9999 xx 000 0 und d aSánchez García, Rubí aDiseño y validación de un programa que calcule la factibilidad técnico-financiera de proyectos de engorda de pollo / Rubí Sánchez García y Alma Tufiño Tufiño aChapingo, Méx. : El autor a44 h. aTesis (Ing. Agr. Esp. en Zootecnia) -- UACH. Departamento de Zootecnia a1. Proyectos - Evaluación 2. Aves de corral - Engorda 3. Aves de corral - Producción 4. Aves de corral - Costos de producción 5. Empresas avícolas aTufiño Tufiño, AlmaÌ